| 000 | 00368nam a2200133Ia 4500 | ||
|---|---|---|---|
| 008 | 230524s9999 xx 000 0 und d | ||
| 020 | _a9788189888954 | ||
| 100 |
_aNapoleon Hill _936617 |
||
| 245 | 4 | _aThe Law of Success : Think and Grow Rich | |
| 260 | _bMaster Mind Books | ||
| 500 | _aQuantity Number: 1 | ||
| 650 |
_aPersonality Development _936618 |
||
| 942 | _cBK | ||
| 999 |
_c50667 _d50667 |
||